| 000 | 00616nam a2200241Ia 4500 | ||
|---|---|---|---|
| 003 | OSt | ||
| 005 | 20221007110010.0 | ||
| 006 | a|||||r|||| 00| 0 | ||
| 007 | ta | ||
| 008 | 221006b |||||||| |||| 00| 0 eng d | ||
| 024 | _a20,081 | ||
| 037 | _cTextual | ||
| 040 |
_aLCO _cLCO _beng |
||
| 041 |
_2eng _aeng |
||
| 082 | _aZ2,166, N3 | ||
| 100 | _aIndrajeet Singh | ||
| 245 | 0 | _aLaw of Insolvency in India | |
| 260 |
_aAllahabad _bAllahabad Law Agency India _c1993 |
||
| 300 | _a227 | ||
| 650 | _aINSOLVENCY | ||
| 942 |
_hZ2,166, N3 _cTEXL |
||
| 999 |
_c1189644 _d1189644 |
||